Ocean waves : (Record no. 3310)
[ view plain ]
| 000 -LEADER | |
|---|---|
| fixed length control field | 02291nam a2200361 i 4500 |
| 006 - FIXED-LENGTH DATA ELEMENTS--ADDITIONAL MATERIAL CHARACTERISTICS--GENERAL INFORMATION | |
| fixed length control field | m|||||o||d|||||||| |
| 007 - PHYSICAL DESCRIPTION FIXED FIELD--GENERAL INFORMATION | |
| fixed length control field | cr|||||||||||| |
| 008 - FIXED-LENGTH DATA ELEMENTS--GENERAL INFORMATION | |
| fixed length control field | 090409s1998||||enk o ||1 0|eng|d |
| 020 ## - INTERNATIONAL STANDARD BOOK NUMBER | |
| International Standard Book Number | 9780511529559 (ebook) |
| 040 ## - CATALOGING SOURCE | |
| Original cataloging agency | IMU Kochi Library |
| Language of cataloging | eng |
| 041 0# - LANGUAGE CODE | |
| Language code of text/sound track or separate title | eng |
| 082 00 - DEWEY DECIMAL CLASSIFICATION NUMBER | |
| Classification number | 551.47/02 |
| Edition number | 21 |
| 100 1# - MAIN ENTRY--PERSONAL NAME | |
| Personal name | Ochi, Michel K., |
| 245 10 - TITLE STATEMENT | |
| Title | Ocean waves : |
| Sub Title | the stochastic approach / |
| 300 ## - PHYSICAL DESCRIPTION | |
| Extent | 1 online resource (xii, 319 pages) : |
| Other physical details | digital, PDF file(s). |
| 490 1# - SERIES STATEMENT | |
| Series statement | Cambridge ocean technology series ; |
| Volume number/sequential designation | 6 |
| 500 ## - GENERAL NOTE | |
| General note | Title from publisher's bibliographic system (viewed on 05 Oct 2015). |
| 520 ## - SUMMARY, ETC. | |
| Summary, etc | This book describes the stochastic method for ocean wave analysis. This method provides a route to predicting the characteristics of random ocean waves - information vital for the design and safe operation of ships and ocean structures. Assuming a basic knowledge of probability theory, the book begins with a chapter describing the essential elements of wind-generated random seas from the stochastic point of view. The following three chapters introduce spectral analysis techniques, probabilistic predictions of wave amplitudes, wave height and periodicity. A further four chapters discuss sea severity, extreme sea state, the directional wave energy spreading in random seas and special wave events such as wave breaking and group phenomena. Finally the stochastic properties of non-Gaussian waves are presented. Useful appendices and an extensive reference list are included. Examples of practical applications of the theories presented can be found throughout the text. This book will be suitable as a text for graduate students of naval, ocean and coastal engineering. It will also serve as a useful reference for research scientists and engineers working in this field. |
| 650 #0 - SUBJECT ADDED ENTRY--TOPICAL TERM | |
| Topical term or geographic name as entry element | Ocean waves. |
| 830 #0 - SERIES ADDED ENTRY--UNIFORM TITLE | |
| Uniform title | Cambridge ocean technology series ; |
| Volume number/sequential designation | 6. |
| 852 ## - LOCATION/CALL NUMBER | |
| Location | IMU Kochi Library |
| 856 40 - ELECTRONIC LOCATION AND ACCESS | |
| Uniform Resource Identifier | <a href="https://doi.org/10.1017/CBO9780511529559">https://doi.org/10.1017/CBO9780511529559</a> |
| 904 ## - LOCAL DATA ELEMENT D, LDD (RLIN) | |
| CATALOGER | Rudra Ranjan |
| 905 ## - LOCAL DATA ELEMENT E, LDE (RLIN) | |
| VERIFIER | Rudra Ranjan |
| 942 ## - ADDED ENTRY ELEMENTS (KOHA) | |
| Item type | E-Book |
| 264 #1 - | |
| -- | Cambridge : |
| -- | Cambridge University Press, |
| -- | 1998. |
| 338 ## - | |
| -- | online resource |
No items available.